"Ride" - All Lyrics (Lana Del Rey) - Statistics

General Stats
  • This quiz has been taken 48 times
  • The average score is 225 of 300
Answer Stats
Lyrics % Correct
I
100%
I,
100%
a
91%
be
91%
been
91%
Been
91%
on
91%
the
91%
You
91%
I've
88%
(I've
88%
just
88%
my
88%
ride,
88%
ride
88%
to
88%
but
84%
can
84%
hear
84%
birds
81%
crazy
81%
drive
81%
fast
81%
in
81%
road
81%
So
81%
summer
81%
that
81%
am
78%
baby,
78%
baby
78%
breeze,
78%
do
78%
get
78%
got
78%
hard
78%
hard)
78%
into
78%
me
78%
mind
78%
not
78%
out
78%
trouble,
78%
trying
78%
alone
75%
an
75%
and
75%
Don't
75%
(Don't
75%
fucking
75%
I'm
75%
open
75%
too
75%
war
75%
of
72%
at
69%
daddy,
69%
feeling
69%
midnight
69%
eyes
66%
like
66%
'til
66%
tired
66%
all
63%
All
63%
down
63%
down)
63%
driving
63%
full-time
63%
see
63%
stars
63%
gold
59%
high
59%
leave
59%
Leave
59%
(Leave
59%
white
59%
dry
56%
dry)
56%
long
56%
long)
56%
pretty
56%
song
56%
song)
56%
With
56%
(With
56%
blues
53%
break
53%
gettin'
53%
has
53%
myself
53%
now
53%
now)
53%
old
53%
one
53%
Singing
53%
we
53%
day
50%
goodbye
50%
goodbye)
50%
say
50%
Drink
47%
hot
47%
keep
47%
or
47%
around
44%
around)
44%
cold
44%
dark
44%
father
44%
it,
44%
playing
44%
talk
44%
That's
44%
turn
44%
way
44%
art
41%
his
41%
life
41%
made
41%
travellin'
41%
young
41%
Dying
38%
sane,
38%
Ooh
31%
dogs
22%
No matching quizzes found
Score Distribution
Percent of People with Each Score
Percentile by Number Answered
Your Score History
You have not taken this quiz